UEFA Champions League 2024-25 Round of 16 Teams - Statistics

General Stats
  • This quiz has been taken 140 times
  • The average score is 14 of 16
Answer Stats
Answer % Correct
Liverpool
98%
Paris Saint-Germain
98%
Real Madrid
98%
FC Barcelona
97%
Bayern Munich
96%
Arsenal
95%
Inter Milan
95%
Atletico Madrid
94%
Borussia Dortmund
92%
Aston Villa
85%
Bayer Leverkusen
84%
PSV Eindhoven
84%
Benfica
83%
Club Brugge
76%
Feyenoord
75%
Lille OSC
68%
No matching quizzes found
Score Distribution
Percent of People with Each Score
Percentile by Number Answered
Your Score History
You have not taken this quiz